ইলিয়াড / (Record no. 38690)
[ view plain ]
| 000 -LEADER | |
|---|---|
| fixed length control field | 00870nam a22002297a 4500 |
| 001 - CONTROL NUMBER | |
| control field | 38690 |
| 003 - CONTROL NUMBER IDENTIFIER | |
| rucl marc code | BD-RjUL |
| 005 - DATE AND TIME OF LATEST TRANSACTION | |
| control field | 20211209052836.0 |
| 008 - FIXED-LENGTH DATA ELEMENTS--GENERAL INFORMATION | |
| fixed length control field | 160208b xxu||||| |||| 00| 0 eng d |
| 035 ## - SYSTEM CONTROL NUMBER | |
| System control number | (BD-RjUL) |
| 040 ## - CATALOGING SOURCE | |
| Original cataloging agency | BD-RjUL |
| Language of cataloging | eng |
| Transcribing agency | BD-RjUL |
| 041 ## - LANGUAGE CODE | |
| Language code of text/sound track or separate title | ben |
| 082 ## - DEWEY DECIMAL CLASSIFICATION NUMBER | |
| Edition number | 23 |
| Classification number | 883.01 |
| Author mark and year | HOI 1968 |
| 100 ## - MAIN ENTRY--PERSONAL NAME | |
| Personal name | হোমার |
| 9 (RLIN) | 119374 |
| 245 ## - TITLE STATEMENT | |
| Title | ইলিয়াড / |
| Statement of responsibility, etc. | হোমার ; আবুল কালাম শামসুদ্দীন অনূদিত. |
| 260 ## - PUBLICATION, DISTRIBUTION, ETC. (IMPRINT) | |
| Place of publication, distribution, etc. | ঢাকা : |
| Name of publisher, distributor, etc. | বাংলা একাডেমী, |
| Date of publication, distribution, etc. | ১৯৬৮ |
| 300 ## - PHYSICAL DESCRIPTION | |
| Pagination | ৮, ৫২০ পৃ. ; |
| Size | ২৩ সেমি. |
| 650 ## - SUBJECT ADDED ENTRY--TOPICAL TERM | |
| Topical term or geographic name as entry element | মহাকাব্য কবিতা, গ্রিক |
| 9 (RLIN) | 119375 |
| Topical term or geographic name as entry element | Epic poetry, Greek |
| 9 (RLIN) | 117290 |
| 700 ## - ADDED ENTRY--PERSONAL NAME | |
| Personal name | শামসুদ্দীন, আবুল কালাম, অনু. |
| 942 ## - ADDED ENTRY ELEMENTS (KOHA) | |
| Source of classification or shelving scheme | Dewey Decimal Classification |
| Koha item type | Books |
| Lost status | Source of classification or shelving scheme | Damaged status | Not for loan | Collection code | Permanent Location | Current Location | Shelving location | Date acquired | Cost, normal purchase price | Total Checkouts | Full call number | Date last seen | Date checked out | Copy number | Koha item type |
|---|---|---|---|---|---|---|---|---|---|---|---|---|---|---|---|
| Dewey Decimal Classification | Fiction | Central Library, University of Rajshahi | Central Library, University of Rajshahi | 15/04/1969 | 12.00 | 6 | B 883.01 HOI 1968 | 28/10/2025 | 19/10/2025 | C-2 | Books |